|
|
|
|
| LEADER |
01029cam a2200265 a 4500 |
| 001 |
0000039435 |
| 005 |
20050514090000.0 |
| 040 |
|
|
|a mod
|
| 041 |
|
|
|a eng
|
| 020 |
0 |
0 |
|a 0224011618
|
| 090 |
0 |
0 |
|a 355.3434
|b DIX
|e 1978
|
| 100 |
1 |
0 |
|a Dixon
|h Norman
|
| 245 |
0 |
0 |
|a On the psychology of military incompetence
|c Norman Dixon
|
| 260 |
0 |
0 |
|a London
|b Jonathan Cape
|c 1978
|
| 300 |
0 |
0 |
|a 405p.
|c 23cm
|
| 500 |
0 |
0 |
|a Index p. 440-447
|
| 504 |
0 |
0 |
|a Bib:p. 424-439
|
| 650 |
0 |
0 |
|a Armed Forces
|x Generals
|
| 852 |
0 |
0 |
|a 01
|
| 999 |
|
|
|a 0042868
|b KEMENTAH
|d BOOKS
|e Umum
|f Perpustakaan KEMENTAH
|j AVAILABLE
|q OLD
|
| 999 |
|
|
|a 0042870
|b KEMENTAH
|d BOOKS
|e Umum
|f Perpustakaan KEMENTAH
|j AVAILABLE
|q GOOD CONDITION
|
| 999 |
|
|
|a 0042970
|b KEMENTAH
|d BOOKS
|e Rujukan
|f Perpustakaan KEMENTAH
|j WEEDED
|q OLD
|
| 999 |
|
|
|a 2001934
|b KD Pelandok
|d BOOKS
|e Umum
|f KD PELANDOK
|j WEEDED
|q GOOD CONDITION
|
| 999 |
|
|
|a B000006089
|b PULADA
|d BOOKS
|e Umum
|f PULADA
|j FINAL PROCESSING
|q GOOD CONDITION
|
| 999 |
|
|
|a H0009230
|b KEMENTAH
|d BOOKS
|e Umum
|f Perpustakaan KEMENTAH
|j WEEDING APPROVAL
|q GOOD CONDITION
|